Semicenturia assertionum de legatis et legationibus, quas auspice Christo, consensu sapientissimi ordinis philosophici in celeberrimâ Rauracorum Academiâ, sub praesidio viri clarissimi D. Simonis Battierii U. J. D. & p. t. philosoph. dec. spect. publicè ventilandas exhibet, atq[ue] eruditorum examini subjicit Gustav Hempell ad diem 25 april MDCLXV in auditorio superioris collegii, horâ consuetâ

Detalles Bibliográficos
Autor principal: Battierius, Simon
Formato: Libro
Lenguaje:Latin
Publicado: Basileae : typis Johann. Jacob. Deckeri, Academiae typographi, 1665.
Materias:
Colección:Banco de datos
Acervo:Fondo Bibliográfico Antiguo Víctor Manuel Castillo de la Universidad de Ciencias y Artes de Chiapas
Descripción Física:[12] h. ; 4°
Tema general:Derecho civil
Notas:Portada tipográfica con pleca y viñeta en grabado xilográfico. Texto a renglón seguido. Incluye cabecera de título floreada en grabado xilográfico. Incluye capitular floreada en grabado xilográfico
LEADER 01224nam a22001930004500
035 |a 2047 
041 0 |a lat 
100 1 |a Battierius, Simon 
245 1 0 |a Semicenturia assertionum de legatis et legationibus, quas auspice Christo, consensu sapientissimi ordinis philosophici in celeberrimâ Rauracorum Academiâ, sub praesidio viri clarissimi D. Simonis Battierii U. J. D. & p. t. philosoph. dec. spect. publicè ventilandas exhibet, atq[ue] eruditorum examini subjicit Gustav Hempell ad diem 25 april MDCLXV in auditorio superioris collegii, horâ consuetâ  
260 |a Basileae : typis Johann. Jacob. Deckeri, Academiae typographi, 1665. 
300 |a [12] h. ; 4° 
500 |a Portada tipográfica con pleca y viñeta en grabado xilográfico. Texto a renglón seguido. Incluye cabecera de título floreada en grabado xilográfico. Incluye capitular floreada en grabado xilográfico 
501 |a 24 obras  
504 |a Al principio de la obra está una dedicatoria 
650 1 0 |a Derecho civil 
949 |a UNICACH, Colección de Víctor Manuel Castillo: 01437-V 
942 |c CHIACASTI 
943 |g Fondo Bibliográfico Antiguo Víctor Manuel Castillo de la Universidad de Ciencias y Artes de Chiapas 
999 |c 1100343  |d 1100343